000 00616nam a22001817a 4500
003 UA-OsUOA
001 15541
007 ta
008 20031117b un ||||| |||| 00| 0 ukr d
100 _aБистрицький Ю.
942 _cSA
040 _aUA-OsUOA
_cUA-OsUOA
_dUA-OsUOA
245 _aСлідчі МВС України відзначили 40-річчя: [ Про діяльність слідчих підрозділів Рівненщини ]
300 _aС.6
955 _a0
773 0 _w0
_tЗакон. Право
_dРівне
_d2003
_g№13/Лип./
650 7 _aКраєзнавча робота
_2UDC
999 _c301706
_d301706